000 00416nam a2200181Ia 4500
001 13374
005 20260306164756.0
008 260306t1968||||xx |||||||||||||| ||spa||
041 _aESP
082 _a002
_bE76
100 _aEscarpit, Robert
_eAUT
245 0 _aLa revolución del libro
260 _c1968
300 _a205 pƔginas :
_c18 cm.
650 _aGEN
654 _aCHU
942 _cLIB
_dJUS
_fJUS
_2ddc
_n
999 _c13374
_d13374